Skryte przejścia wartości : eseje o światopoglądowych i estetycznych problemach literaury współczesnej /

Hlavní autor: Kurowicki, Jan, 1943-2017
Jazyk: Polština
Vydáno: Wrocław : Zakład Narodowy imienia Ossolińskich, 1975
Fyzický popis: 224 s.
Knihy
Uloženo v:
LEADER 00682nam a22001932a 4500
001 000914353
003 CZ BrMZK
005 20080929165824.0
007 ta
008 080929s1975 pl er|||||||||||pol d
040 |a BOA001  |b cze 
100 1 |a Kurowicki, Jan,  |d 1943-2017  |7 mzk2009534897  |4 aut 
245 1 0 |a Skryte przejścia wartości :  |b eseje o światopoglądowych i estetycznych problemach literaury współczesnej /  |c Jan Kurowicki 
260 |a Wrocław :  |b Zakład Narodowy imienia Ossolińskich,  |c 1975 
300 |a 224 s. 
910 |a BOA001  |b 1-0741.973 
990 |a BK 
991 |b 200809 
996 7 |b 2619544529  |c 1-0741.973  |l MZK  |r Sklad / do 1 hodiny  |n 0  |w 000914353  |u 000010  |a 1  |e BOA001  |j MZK50  |s A